[Event "Barcelona La Lira op 12th"]
[Site "Barcelona"]
[Date "2019.05.16"]
[Round "6"]
[White "Morales Rubiella, Albert"]
[Black "Quilez Marin, Guillem"]
[Result "1-0"]
[WhiteElo "1455"]
[BlackElo "1371"]
[PlyCount "131"]
[EventDate "2019.04.04"]
[EventType "swiss"]
[EventRounds "9"]
[EventCountry "ESP"]
[SourceTitle "CBM 190 Extra"]
[Source "ChessBase"]
[SourceDate "2019.07.15"]
[SourceVersion "1"]
[SourceVersionDate "2019.07.15"]
[SourceQuality "1"]

1. d4 Nf6 2. Nf3 d5 3. c4 Nc6 4. cxd5 Nxd5 5. e4 Nb6 6. d5 Nb8 7. Nc3 Bg4 8. Bf4 a6 9. h3 Bh5 10. Be2 h6 11. Ne5 Bxe2 12. Qxe2 g6 13. Qg4 Qc8 14. Qf3 Rh7 15. Rc1 N8d7 16. Ne2 Nf6 17. Nc4 Nxc4 18. Rxc4 c6 19. dxc6 bxc6 20. e5 Nd5 21. Nd4 Nxf4 22. Qxf4 c5 23. Nb3 e6 24. Ke2 a5 25. Rhc1 Qa6 26. Ke1 Rc8 27. Nxc5 Bxc5 28. Rxc5 Rxc5 29. Rxc5 a4 30. Qb4 Kf8 31. Qb8+ Kg7 32. Rc8 Qa5+ 33. Kf1 h5 34. Rg8+ Kh6 35. Qf8+ Kg5 36. Qe7+ Kf5 37. Qf6+ Ke4 38. Qh4+ Kd3 39. Qd8+ Qd5 40. Qxd5+ exd5 41. b4 axb3 42. axb3 Kc3 43. Rd8 d4 44. b4 g5 45. b5 g4 46. b6 f6 47. e6 Re7 48. Rd6 f5 49. Ke2 f4 50. Rc6+ Kb4 51. Kd3 Kb5 52. Rd6 Kc5 53. Rxd4 Kxb6 54. Rxf4 g3 55. fxg3 Rxe6 56. g4 Rd6+ 57. Rd4 Re6 58. gxh5 Rh6 59. g4 Kc6 60. Ke4 Kc5 61. Rd5+ Kc6 62. Rg5 Rh8 63. Rg6+ Kd7 64. h6 Ke7 65. Kf5 Rf8+ 66. Kg5 1-0

[Event "Barcelona La Lira op 12th"]
[Site "Barcelona"]
[Date "2019.04.04"]
[Round "1"]
[White "Quilez Marin, Guillem"]
[Black "Aparicio Escudero, Hector F"]
[Result "0-1"]
[WhiteElo "1371"]
[BlackElo "1774"]
[PlyCount "58"]
[EventDate "2019.04.04"]
[EventType "swiss"]
[EventRounds "9"]
[EventCountry "ESP"]
[SourceTitle "CBM 190 Extra"]
[Source "ChessBase"]
[SourceDate "2019.07.15"]
[SourceVersion "1"]
[SourceVersionDate "2019.07.15"]
[SourceQuality "1"]

1. e4 e6 2. Nf3 d5 3. exd5 exd5 4. d4 Nf6 5. Be2 Bd6 6. Be3 0-0 7. c3 Bf5 8. Bd3 Qd7 9. Bc2 Re8 10. Ba4 c6 11. 0-0 Qc7 12. h3 Nbd7 13. Bc2 Ne4 14. Nbd2 Ndf6 15. Bg5 Nxd2 16. Qxd2 Ne4 17. Qc1 Nxg5 18. Nxg5 Bf4 19. Qd1 Bxc2 20. Qxc2 Bxg5 21. Qd3 Re6 22. g3 Rae8 23. h4 Bd8 24. Kg2 Re2 25. b3 R8e6 26. Qf3 Qe7 27. Qg4 g6 28. Rh1 h5 29. Qh3 R6e3 0-1